|
|
|
|
| LEADER |
00000nam2a2200000 4500 |
| 001 |
30996 |
| 005 |
20231101210017.0 |
| 010 |
|
|
|a 5848300275
|
| 035 |
|
|
|a (RuTPU)RU\TPU\book\31272
|
| 035 |
|
|
|a BOOK00031351
|
| 090 |
|
|
|a 30996
|
| 100 |
|
|
|a 20011209d2001 е y0rusy50020304ca
|
| 101 |
0 |
|
|a rus
|
| 102 |
|
|
|a RU
|
| 105 |
|
|
|a a e 001zy
|
| 200 |
0 |
|
|a Т. 17 : Химия
|f гл. ред. В. Володин
|
| 210 |
|
|
|d 2001
|
| 215 |
|
|
|a 640 с.
|c ил.
|
| 320 |
|
|
|a Указ. терминов: с. 628-631.
|
| 461 |
|
1 |
|0 (RuTPU)RU\TPU\book\15787
|y 5-89501-001-6
|t Энциклопедия для детей
|f гл. ред. М. Аксенова
|v Т. 17 : Химия
|d 1993-
|
| 606 |
1 |
|
|a Химия
|2 stltpush
|3 (RuTPU)RU\TPU\subj\17362
|9 43035
|
| 606 |
1 |
|
|a Энциклопедии
|2 stltpush
|3 (RuTPU)RU\TPU\subj\21381
|9 46387
|
| 610 |
1 |
|
|a вещества
|
| 610 |
1 |
|
|a структура
|
| 610 |
1 |
|
|a история
|
| 610 |
1 |
|
|a химические реакции
|
| 610 |
1 |
|
|a коллоиды
|
| 610 |
1 |
|
|a элементы
|
| 610 |
1 |
|
|a периодизация
|
| 610 |
1 |
|
|a углерод
|
| 610 |
1 |
|
|a периодическая таблица
|
| 610 |
1 |
|
|a нефть
|
| 610 |
1 |
|
|a пестициды
|
| 610 |
1 |
|
|a удобрения
|
| 610 |
1 |
|
|a полимеры
|
| 610 |
1 |
|
|a краски
|
| 610 |
1 |
|
|a парфюмерия
|
| 610 |
1 |
|
|a энциклопедии детские
|
| 675 |
|
|
|a 54(03)
|v 3
|
| 686 |
|
|
|a Я20
|2 rubbk
|
| 702 |
|
1 |
|a Володин
|b В.
|g Виктор
|4 651
|
| 801 |
|
0 |
|a RU
|b 63413507
|c 20011209
|g PSBO
|
| 801 |
|
2 |
|a RU
|b 63413507
|c 20230628
|g PSBO
|
| 942 |
|
|
|c BK
|